00210pab a2200085 454500008003600000100001700036245003600053650001500089773002000104180718b xxu||||| |||| 00| 0 eng d aTrikha, N.K. aPress Control: only from within aMass Media aHindustan Times